INCOME-TAX READY RECKONER: ASSESMENT YEAR 1991-92 (Record no. 477268)

MARC details
000 -LEADER
fixed length control field 00497nam a2200181Ia 4500
008 - FIXED-LENGTH DATA ELEMENTS--GENERAL INFORMATION
fixed length control field 100315s9999 xx 000 0 und d
082 ## - DEWEY DECIMAL CLASSIFICATION NUMBER
Item number 2533 
100 ## - MAIN ENTRY--PERSONAL NAME
Personal name "MEHTA, V. G. "
245 ## - TITLE STATEMENT
Title INCOME-TAX READY RECKONER: ASSESMENT YEAR 1991-92
260 ## - PUBLICATION, DISTRIBUTION, ETC. (IMPRINT)
Date of publication, distribution, etc
300 ## - PHYSICAL DESCRIPTION
Extent 352P 
365 ## - TRADE PRICE
Unit of pricing
Price amount 0.00 
366 ## - TRADE AVAILABILITY INFORMATION
Publishers' discount category
530 ## - ADDITIONAL PHYSICAL FORM AVAILABLE NOTE
Availability source -  
630 ## - SUBJECT ADDED ENTRY--UNIFORM TITLE
Uniform title INCOME-TAX READY RECKONER: ASSESMENT YEAR 1991-92
730 ## - ADDED ENTRY--UNIFORM TITLE
Uniform title INCOME-TAX READY RECKONER: ASSESMENT YEAR 1991-92
942 ## - ADDED ENTRY ELEMENTS (KOHA)
Koha item type Book
Holdings
Withdrawn status Lost status Damaged status Not for loan Home library Current library Date acquired Cost, normal purchase price Total Checkouts Full call number Barcode Date last seen Price effective from Koha item type
        Dr. V. N. Bedekar Institute of Management Studies Library Dr. V. N. Bedekar Institute of Management Studies Library 01/01/1900 0.00    /  2533  VPMBRIMS-2533  03/19/2010 03/19/2010 Book